1623 1432 1308 1694 1940 1424 1381 1353 1395 1822 1100 1256 1832 1407 1507 1730 1430 1577 1951 1964 1571 1302 1604 1500 1372 1943 1688 1432 1275 1744 1660 1914 1635 1828 1762 1476 1179 1286 1433 1783 1107 1276 1925 1315 1549 1984 1532 1299 1388 1753 1919 1484 1005 1881 1556 1243 1389 1459 1229 1514 1833 1988 1394 1532 1414 1932 1512 1431 1185 1957 1976 1406 1721 1679 1638 1728 1690 1836 1002 1867 1651 1750 1214 1682 1492 1141 1839 1832 1412 1509 1704 1521 1953 1477 1724 1372 1142 1538 1301 BCNSPRNW ULIB Ver.6.0+V

เปลี่ยนเป็นภาษาไทย

Change to English
 แสดงรายละเอียดบรรณานุกรม
  กลับหน้าหลัก

Brief Record : Get Marc (ISO 2709) : E-mail record : QR code < ปิดหน้าต่าง
LEADER : 00000nam 2200000uu 4500
001    13399112588
003     ULIB
008    110314s2010||||th 000 0 eng d
020    1605472539
060 04 QZ4^bB981P 2010
100 0  Buss, Jaime Stockslaget
245 10 Pathophysiology an incrediably easy pochet guide/^cBuss, Jaime Stockslaget
250    2nd
260    Philadelphia :^bLippincott Williams&Wilkins,^c2010
300    408 p
650  7 Cardiovasular disorders
650  7 Pathology^xnurses instruction
945    ^p960^l0^i029068
945    ^p960^l0^i029069
995    ทศพร
999 ^a ใช้งานได้ทุกระบบ
รายการนี้ยังไม่มีแท็ก
คุณยังไม่ได้ล็อกอิน คุณสามารถมีกิจกรรมร่วมกับเว็บไซต์ได้ แต่ต้องล็อกอินก่อน ::
  ล็อกอิน

รายการสื่อสารสนเทศ

ลำดับที่ ประเภท เลขเรียก/บาร์โค้ด สถานที่ สถานะ
- ไม่พบข้อมูล -

รายการใกล้เคียง
    ผู้แต่ง [Buss, Jaime Stockslaget]

    หัวเรื่อง [Cardiovasular disorders]

BibComment


ยังไม่เคยถูกคอมเมนท์

คอมเมนท์ทรัพยากรรายการนี้
  คอมเมนท์: Pathophysiology a..


 Copyright 2026. Bcnsprnw @Library